[Event "EU-chT Seniors 50"]
[Site "Dresden"]
[Date "2022.10.31"]
[Round "5.2"]
[White "Leib, Britta"]
[Black "Frick, Renato"]
[Result "1-0"]
[WhiteElo "1923"]
[BlackElo "1875"]
[PlyCount "57"]
[EventDate "2022.10.27"]
[EventType "team-swiss"]
[EventRounds "9"]
[EventCountry "GER"]
[SourceTitle "EXT 2024"]
[Source "ChessBase"]
[SourceDate "2023.10.10"]
[SourceVersion "1"]
[SourceVersionDate "2023.10.10"]
[SourceQuality "1"]
[WhiteTeam "Germany (Women) 50 II"]
[BlackTeam "Liechtenstein 50"]
[WhiteTeamCountry "GER"]
[BlackTeamCountry "LIE"]

1. e4 c5 2. Nc3 d6 3. g3 Nc6 4. Bg2 g6 5. d3 Bg7 6. Nge2 e6 7. 0-0 Nge7 8. Be3 Nd4 9. Qd2 Nec6 10. f4 h5 11. Nd1 f5 12. c3 Nxe2+ 13. Qxe2 Qc7 14. Rc1 Ne7 15. d4 fxe4 16. Bxe4 Nf5 17. dxc5 0-0 18. cxd6 Qxd6 19. Bf2 e5 20. fxe5 Bxe5 21. Ne3 Nxe3 22. Qxe3 Bh3 23. Rfd1 Qf6 24. Rd2 Rae8 25. Qxa7 Kh8 26. Re1 Bb8 27. Qe3 Rxe4 28. Qxe4 Ba7 29. Qe5 1-0

[Event "EU-chT Seniors 50"]
[Site "Dresden"]
[Date "2022.10.29"]
[Round "3.2"]
[White "Leib, Britta"]
[Black "Flemming, Peggy"]
[Result "1-0"]
[WhiteElo "1923"]
[BlackElo "1626"]
[PlyCount "97"]
[EventDate "2022.10.27"]
[EventType "team-swiss"]
[EventRounds "9"]
[EventCountry "GER"]
[SourceTitle "EXT 2024"]
[Source "ChessBase"]
[SourceDate "2023.10.10"]
[SourceVersion "1"]
[SourceVersionDate "2023.10.10"]
[SourceQuality "1"]
[WhiteTeam "Germany (Women) 50 II"]
[BlackTeam "Heidenau Schachkoeniginnen 50"]
[WhiteTeamCountry "GER"]
[BlackTeamCountry "GER"]

1. e4 e6 2. d4 d5 3. Nd2 c5 4. exd5 exd5 5. Ngf3 Nf6 6. Bb5+ Nc6 7. 0-0 Be7 8. dxc5 Bg4 9. Nb3 0-0 10. Bxc6 bxc6 11. Qd3 Bxf3 12. Qxf3 Ne4 13. Be3 a5 14. Rfd1 Qc7 15. a4 Qb7 16. Bd4 Bf6 17. Qd3 Qb4 18. f3 Bxd4+ 19. Qxd4 Qxd4+ 20. Nxd4 Nxc5 21. Nxc6 Ra6 22. Ne7+ Kh8 23. Rxd5 Ne6 24. Nf5 g6 25. Ne3 Nf4 26. Rd7 Kg7 27. Re1 Ne6 28. b3 Rc8 29. Nc4 Rc5 30. Kf2 Nf8 31. Rb7 Ne6 32. Re2 Nd4 33. Rd2 Ne6 34. Rdd7 Rf5 35. Ne3 Rf6 36. Nd5 Rf5 37. g4 Rxd5 38. Rxd5 Nf4 39. Rdd7 Rf6 40. Rb5 Re6 41. Rd2 Nh3+ 42. Kg3 Ng1 43. Rxa5 Ne2+ 44. Kf2 Nf4 45. Rc5 Nh3+ 46. Kg3 Ng1 47. a5 Ne2+ 48. Rxe2 Rxe2 49. a6 1-0

[Event "GER-chT Federal Cup (Women)"]
[Site "Braunfels"]
[Date "2022.06.19"]
[Round "5.23"]
[White "Schilay, Eva"]
[Black "Leib, Britta"]
[Result "0-1"]
[WhiteElo "1691"]
[BlackElo "1906"]
[PlyCount "64"]
[EventDate "2022.06.15"]
[EventType "team-swiss"]
[EventRounds "5"]
[EventCountry "GER"]
[SourceTitle "EXT 2023"]
[Source "ChessBase"]
[SourceDate "2022.10.05"]
[SourceVersion "1"]
[SourceVersionDate "2022.10.05"]
[SourceQuality "1"]

1. e4 e6 2. d4 d5 3. exd5 exd5 4. Bd3 Bd6 5. h3 Ne7 6. Nf3 0-0 7. 0-0 c6 8. c3 Bf5 9. Re1 Nd7 10. Rxe7 Bxh3 11. Bxh7+ Kxh7 12. Qd3+ Kg8 13. Ng5 Nf6 14. Rxb7 Bc8 15. Rb3 a5 16. c4 Re8 17. Be3 Ne4 18. Nf3 a4 19. Rc3 Nxc3 20. Qxc3 dxc4 21. Qxc4 Be6 22. Qc2 Bd5 23. Nbd2 g6 24. Qd1 Qf6 25. b3 axb3 26. Nxb3 Bf4 27. Bxf4 Qxf4 28. Kf1 Ra3 29. Ne5 Qh2 30. Qc1 Qh1+ 31. Ke2 Qxc1 32. Nxc1 f6 0-1

[Event "GER-chT Federal Cup (Women)"]
[Site "Braunfels"]
[Date "2021.10.22"]
[Round "3.35"]
[White "Peglau, Mirjam"]
[Black "Leib, Britta"]
[Result "0-1"]
[WhiteElo "1840"]
[BlackElo "1900"]
[PlyCount "64"]
[EventDate "2021.10.19"]
[EventType "team-tourn"]
[EventRounds "5"]
[EventCountry "GER"]
[SourceTitle "CBM 204 Extra"]
[Source "ChessBase"]
[SourceDate "2021.11.30"]
[SourceVersion "1"]
[SourceVersionDate "2021.11.30"]
[SourceQuality "1"]

1. d4 Nf6 2. c4 g6 3. f3 Bg7 4. e4 d6 5. Nc3 0-0 6. Bd3 Nc6 7. Nge2 e5 8. d5 Nd4 9. Nxd4 exd4 10. Ne2 Nd7 11. 0-0 c5 12. Ng3 Ne5 13. f4 Nxd3 14. Qxd3 Bd7 15. Bd2 a6 16. a4 b5 17. axb5 axb5 18. b3 Qb6 19. f5 Be5 20. Rxa8 Rxa8 21. Qf3 f6 22. h4 Ra3 23. fxg6 hxg6 24. h5 g5 25. Bxg5 bxc4 26. Nf5 Qxb3 27. Qf2 Ra2 28. Qh4 Qc2 29. Qg4 Qe2 30. Qh3 Bxf5 31. exf5 fxg5 32. h6 Qe3+ 0-1

[Event "EUR-ch Seniors 50"]
[Site "Prague"]
[Date "2021.09.06"]
[Round "8.3"]
[White "Svobodova, Michaela"]
[Black "Leib, Britta"]
[Result "1-0"]
[WhiteElo "1919"]
[BlackElo "1916"]
[PlyCount "93"]
[EventDate "2021.08.30"]
[EventType "team-tourn"]
[EventRounds "9"]
[EventCountry "CZE"]
[SourceTitle "CBM 204 Extra"]
[Source "ChessBase"]
[SourceDate "2021.11.30"]
[SourceVersion "1"]
[SourceVersionDate "2021.11.30"]
[SourceQuality "1"]
[WhiteTeam "Czech Republic (Women) 50"]
[BlackTeam "Germany (Women) 50"]
[WhiteTeamCountry "CZE"]
[BlackTeamCountry "GER"]

1. e4 c5 2. Nf3 g6 3. c4 Bg7 4. d4 cxd4 5. Nxd4 Nf6 6. Nc3 d6 7. Be2 0-0 8. Be3 Nc6 9. Rc1 Bd7 10. b3 Nxd4 11. Bxd4 Bc6 12. f3 Re8 13. Qd2 b6 14. 0-0 Rc8 15. Rfe1 e5 16. Be3 Qd7 17. Red1 Red8 18. Bg5 Qe6 19. Qe3 Rd7 20. Bxf6 Bxf6 21. Rd3 Bg7 22. Rcd1 Re8 23. Qd2 Bf8 24. Bf1 Rc7 25. Qe2 Rcc8 26. g3 Rc7 27. Bg2 Rb8 28. Qf1 Qe8 29. Bh3 b5 30. cxb5 Rxb5 31. Rc1 Rc5 32. b4 Rc4 33. Rdd1 Qb8 34. Qxc4 Ba4 35. Qd3 Bxd1 36. Rxd1 Qxb4 37. Nd5 Qc5+ 38. Qe3 Rc6 39. Qxc5 Rxc5 40. Rd2 Bh6 41. Re2 Bc1 42. Bd7 Ba3 43. Kg2 Rc1 44. Ba4 Bc5 45. Bb3 Kg7 46. Rd2 h5 47. Rd1 1-0

[Event "EUR-ch Seniors 50"]
[Site "Prague"]
[Date "2021.08.31"]
[Round "2.3"]
[White "Michalek, Jan"]
[Black "Leib, Britta"]
[Result "1-0"]
[WhiteElo "2276"]
[BlackElo "1916"]
[PlyCount "49"]
[EventDate "2021.08.30"]
[EventType "team-tourn"]
[EventRounds "9"]
[EventCountry "CZE"]
[SourceTitle "CBM 204 Extra"]
[Source "ChessBase"]
[SourceDate "2021.11.30"]
[SourceVersion "1"]
[SourceVersionDate "2021.11.30"]
[SourceQuality "1"]
[WhiteTeam "1960 69 50"]
[BlackTeam "Germany (Women) 50"]
[WhiteTeamCountry "CZE"]
[BlackTeamCountry "GER"]

1. e4 c5 2. Nf3 d6 3. d4 cxd4 4. Nxd4 Nf6 5. Nc3 g6 6. Be3 Bg7 7. f3 Nc6 8. Qd2 Bd7 9. g4 a6 10. h4 h5 11. g5 Nh7 12. 0-0-0 0-0 13. Kb1 Rc8 14. Nxc6 Bxc6 15. Bd4 Bxd4 16. Qxd4 Qa5 17. Bh3 Rcd8 18. f4 e5 19. Qd2 exf4 20. Rhf1 Qe5 21. Rxf4 d5 22. exd5 Bxd5 23. Rd4 Bxa2+ 24. Kxa2 Qa5+ 25. Kb1 1-0

[Event "GER-ch Blitz (Women)"]
[Site "Magdeburg"]
[Date "2020.08.15"]
[Round "12"]
[White "Leib, Britta"]
[Black "Frey, Alisa"]
[Result "0-1"]
[WhiteElo "1903"]
[BlackElo "2087"]
[PlyCount "82"]
[EventDate "2020.07.28"]
[EventType "tourn (blitz)"]
[EventRounds "29"]
[EventCountry "GER"]
[SourceTitle "EXT 2021"]
[Source "ChessBase"]
[SourceDate "2020.10.23"]
[SourceVersion "1"]
[SourceVersionDate "2020.10.23"]
[SourceQuality "1"]

1. e4 e5 2. Nf3 Nc6 3. Bc4 Nf6 4. d3 Be7 5. 0-0 d6 6. h3 0-0 7. Re1 Na5 8. Bb3 c5 9. Ba4 a6 10. c3 b5 11. Bc2 Nc6 12. a4 Bb7 13. Nbd2 Qc7 14. Nf1 d5 15. exd5 Nxd5 16. Ng3 f5 17. Qe2 Bd6 18. Ng5 Rae8 19. Bb3 Na5 20. Ba2 c4 21. axb5 axb5 22. Rd1 Nf4 23. Bxf4 exf4 24. Qh5 g6 25. Qh6 fxg3 26. fxg3 Qg7 27. Qxg7+ Kxg7 28. Re1 Bd5 29. dxc4 Nxc4 30. Red1 Bc5+ 31. Kh2 Bg8 32. b3 Ne3 33. Rd7+ Re7 34. Rxe7+ Bxe7 35. Nf3 Bc5 36. b4 Bb6 37. Bb3 Bxb3 38. Ra6 Rf6 39. h4 Bd5 40. Nd4 Bxd4 41. cxd4 Rxa6 0-1

[Event "GER-ch Blitz (Women)"]
[Site "Magdeburg"]
[Date "2020.08.15"]
[Round "16"]
[White "Leib, Britta"]
[Black "Kosovska, Olena"]
[Result "0-1"]
[WhiteElo "1903"]
[BlackElo "1881"]
[PlyCount "112"]
[EventDate "2020.07.28"]
[EventType "tourn (blitz)"]
[EventRounds "29"]
[EventCountry "GER"]
[SourceTitle "EXT 2021"]
[Source "ChessBase"]
[SourceDate "2020.10.23"]
[SourceVersion "1"]
[SourceVersionDate "2020.10.23"]
[SourceQuality "1"]

1. e4 e5 2. Nf3 Nc6 3. Bc4 Nf6 4. d3 Be7 5. h3 0-0 6. a3 d5 7. exd5 Nxd5 8. 0-0 Be6 9. Re1 Bf6 10. Nbd2 Qd7 11. Ne4 Be7 12. Bb3 Nf4 13. Bxf4 exf4 14. Ba4 h6 15. Ne5 Qd5 16. Nc3 Qc5 17. Bxc6 bxc6 18. Qf3 Bg5 19. Qxc6 Qa5 20. b4 Qb6 21. Ne4 Qd4 22. Nxg5 hxg5 23. Qe4 Qc3 24. Nc6 Rfe8 25. Ne5 c5 26. bxc5 Qxc5 27. Qb4 Qc7 28. Rab1 Rab8 29. Qd2 Rbc8 30. c4 Qc5 31. Qb4 Qd4 32. Re4 Qd8 33. Nf3 Bf5 34. Rxe8+ Qxe8 35. Nxg5 Bxd3 36. Re1 Qd7 37. c5 Bg6 38. Qc3 Qc6 39. Rc1 f6 40. Nf3 Kh7 41. Nd4 Qd5 42. Nb5 a6 43. Nd6 Rc6 44. Qc4 Qe5 45. Nb7 Be4 46. Na5 Rc8 47. Qxa6 f3 48. g3 Rd8 49. Qc4 Qb2 50. Re1 Bd3 51. Qh4+ Kg8 52. Qh5 Qc3 53. Re8+ Rxe8 54. Qxe8+ Kh7 55. Qh5+ Kg8 56. c6 Qe1+ 0-1

[Event "EUR-chT Seniors 50"]
[Site "Mali Losinj"]
[Date "2019.09.23"]
[Round "6.4"]
[White "Rodriguez Bernal, Herman"]
[Black "Leib, Britta"]
[Result "0-1"]
[WhiteElo "1735"]
[BlackElo "1883"]
[PlyCount "56"]
[EventDate "2019.09.18"]
[EventType "team-swiss"]
[EventRounds "9"]
[EventCountry "CRO"]
[SourceTitle "EXT 2020"]
[Source "ChessBase"]
[SourceDate "2019.10.17"]
[SourceVersion "1"]
[SourceVersionDate "2019.10.17"]
[SourceQuality "1"]
[WhiteTeam "Spain 50"]
[BlackTeam "Germany (Women) 50"]
[WhiteTeamCountry "ESP"]
[BlackTeamCountry "GER"]

1. d4 Nf6 2. Bg5 d5 3. Nd2 Nbd7 4. Ngf3 e6 5. e3 Be7 6. c4 c5 7. cxd5 Nxd5 8. Bxe7 Qxe7 9. Be2 0-0 10. 0-0 cxd4 11. Nxd4 N7f6 12. e4 Nf4 13. Bf3 e5 14. Nf5 Qb4 15. Qc2 Bxf5 16. a3 Qd4 17. Nb3 Qb6 18. exf5 Rac8 19. Qd1 Rfd8 20. Nd2 e4 21. Nxe4 Rxd1 22. Nxf6+ Qxf6 23. Rfxd1 Qxf5 24. Rd2 b6 25. Rad1 g6 26. Re1 Kg7 27. Be4 Qa5 28. Red1 Qxd2 0-1

[Event "EUR-chT Seniors 50"]
[Site "Mali Losinj"]
[Date "2019.09.22"]
[Round "5.6"]
[White "Leib, Britta"]
[Black "Jenssen, Ove S"]
[Result "1-0"]
[WhiteElo "1883"]
[BlackElo "1827"]
[PlyCount "85"]
[EventDate "2019.09.18"]
[EventType "team-swiss"]
[EventRounds "9"]
[EventCountry "CRO"]
[SourceTitle "EXT 2020"]
[Source "ChessBase"]
[SourceDate "2019.10.17"]
[SourceVersion "1"]
[SourceVersionDate "2019.10.17"]
[SourceQuality "1"]
[WhiteTeam "Germany (Women) 50"]
[BlackTeam "Agder 50"]
[WhiteTeamCountry "GER"]
[BlackTeamCountry "NOR"]

1. d4 d5 2. Nf3 Nf6 3. e3 Bf5 4. c4 e6 5. Nc3 c6 6. Be2 Bd6 7. 0-0 h6 8. b3 Nbd7 9. Bb2 Rc8 10. h3 Bb8 11. Re1 Qc7 12. Rc1 a6 13. a4 g5 14. Bf1 g4 15. hxg4 Bxg4 16. g3 Ne4 17. Qe2 Rg8 18. Bg2 Nxg3 19. fxg3 Qxg3 20. Rf1 Bh5 21. cxd5 Qh3 22. dxe6 fxe6 23. e4 Bf4 24. Rc2 Ke7 25. Bc1 Bh2+ 26. Kh1 Qg3 27. Qf2 Qxf2 28. Rfxf2 Bg3 29. Rf1 Rcf8 30. Nh2 Rxf1+ 31. Nxf1 Bh4 32. Nh2 Rg3 33. Bxh6 Rd3 34. d5 Be1 35. Ne2 cxd5 36. exd5 e5 37. d6+ Kxd6 38. Bxb7 Nc5 39. Bf8+ Kc7 40. Be4 Re3 41. Rxc5+ Kb6 42. Rxe5 Bxe2 43. Bc5+ 1-0

[Event "GER-chT Federal Cup (Women)"]
[Site "Braunfels"]
[Date "2019.06.23"]
[Round "5.19"]
[White "Lederer, Leia"]
[Black "Leib, Britta"]
[Result "1-0"]
[WhiteElo "1728"]
[BlackElo "1884"]
[PlyCount "115"]
[EventDate "2019.06.20"]
[EventType "team-swiss"]
[EventRounds "5"]
[EventCountry "GER"]
[SourceTitle "CBM 191 Extra"]
[Source "ChessBase"]
[SourceDate "2019.09.30"]
[SourceVersion "1"]
[SourceVersionDate "2019.09.30"]
[SourceQuality "1"]

1. e4 e6 2. d4 d5 3. e5 c5 4. Nf3 cxd4 5. Nxd4 Nc6 6. Nf3 Nge7 7. Bg5 Qb6 8. Nc3 a6 9. Be3 Qc7 10. Qd2 Nxe5 11. Nxe5 Qxe5 12. 0-0-0 h6 13. Bf4 Qh5 14. Ne4 Ng6 15. Nd6+ Bxd6 16. Bxd6 Qg5 17. f4 Qd8 18. Bb4 Ne7 19. g4 0-0 20. h4 Re8 21. h5 Nc6 22. Bd3 e5 23. f5 Qg5 24. Qxg5 hxg5 25. Ba3 e4 26. Be2 Ne5 27. Rxd5 Bd7 28. Bd6 f6 29. Bxe5 Bc6 30. Rd6 Rxe5 31. Bc4+ Kh7 32. h6 e3 33. Re1 Bf3 34. hxg7 Kxg7 35. Rd7+ Kh8 36. Be2 Bc6 37. Rf7 Rc8 38. Rxf6 Be4 39. c3 Rd8 40. Bc4 Rd2 41. Rxe3 Rc2+ 42. Kd1 Rh2 43. Re6 Rh1+ 44. Kd2 Rh2+ 45. Re2 Rxe2+ 46. Kxe2 Rxe6 47. Bxe6 Kg7 48. Ke3 Bb1 49. a3 b6 50. Kd4 Kf6 51. b4 Bc2 52. Bc8 a5 53. bxa5 bxa5 54. c4 Bd1 55. c5 Bxg4 56. c6 Bf3 57. c7 g4 58. Ba6 1-0

[Event "GER-chT Laender Seniors 50+"]
[Site "Templin"]
[Date "2018.09.14"]
[Round "5.2"]
[White "Schuetz, Guenter"]
[Black "Leib, Britta"]
[Result "1-0"]
[WhiteElo "2213"]
[BlackElo "1919"]
[PlyCount "73"]
[EventDate "2018.09.10"]
[EventType "team-tourn"]
[EventRounds "7"]
[EventCountry "GER"]
[SourceTitle "EXT 2020"]
[Source "ChessBase"]
[SourceDate "2019.10.17"]
[SourceVersion "1"]
[SourceVersionDate "2019.10.17"]
[SourceQuality "1"]
[WhiteTeam "Bayern"]
[BlackTeam "Schleswig Holstein"]
[WhiteTeamCountry "GER"]
[BlackTeamCountry "GER"]

1. f4 c5 2. Nf3 Nc6 3. e4 d6 4. d3 g6 5. g3 Bg7 6. Bg2 e6 7. 0-0 Nge7 8. c3 0-0 9. Be3 Bd7 10. Nbd2 b6 11. Bf2 Qc7 12. Qe2 Rab8 13. Rac1 b5 14. d4 cxd4 15. cxd4 Qa5 16. a3 Rfc8 17. Rfd1 Qd8 18. e5 d5 19. Nb3 Na5 20. Nxa5 Qxa5 21. Be1 Qb6 22. Bb4 Bf8 23. Bc5 Qb7 24. g4 h6 25. Qf2 Nc6 26. Qh4 Bg7 27. b4 a5 28. Bh3 axb4 29. axb4 Ra8 30. f5 Ra3 31. Kg2 exf5 32. gxf5 gxf5 33. Rg1 Be6 34. Kh1 Kh8 35. Rxg7 Kxg7 36. Rg1+ Kh7 37. Ng5+ 1-0

[Event "GER-chT Laender Seniors 50+"]
[Site "Templin"]
[Date "2018.09.13"]
[Round "4.2"]
[White "Leib, Britta"]
[Black "Lotzien, Hans"]
[Result "1/2-1/2"]
[WhiteElo "1919"]
[BlackElo "2133"]
[PlyCount "24"]
[EventDate "2018.09.10"]
[EventType "team-tourn"]
[EventRounds "7"]
[EventCountry "GER"]
[SourceTitle "EXT 2020"]
[Source "ChessBase"]
[SourceDate "2019.10.17"]
[SourceVersion "1"]
[SourceVersionDate "2019.10.17"]
[SourceQuality "1"]
[WhiteTeam "Schleswig Holstein"]
[BlackTeam "Nordrhein Westfalen"]
[WhiteTeamCountry "GER"]
[BlackTeamCountry "GER"]

1. e4 e5 2. Nf3 Nc6 3. Bb5 Bd6 4. 0-0 Nge7 5. c3 Ng6 6. d4 0-0 7. Nbd2 exd4 8. cxd4 Bf4 9. Re1 a6 10. Ba4 d6 11. Bxc6 bxc6 12. Nc4 d5 1/2-1/2

[Event "GER-chT Laender Seniors 50+"]
[Site "Templin"]
[Date "2018.09.10"]
[Round "1.2"]
[White "Schroeder, Christoph"]
[Black "Leib, Britta"]
[Result "1/2-1/2"]
[WhiteElo "2169"]
[BlackElo "1919"]
[PlyCount "86"]
[EventDate "2018.09.10"]
[EventType "team-tourn"]
[EventRounds "7"]
[EventCountry "GER"]
[SourceTitle "EXT 2020"]
[Source "ChessBase"]
[SourceDate "2019.10.17"]
[SourceVersion "1"]
[SourceVersionDate "2019.10.17"]
[SourceQuality "1"]
[WhiteTeam "Hamburg"]
[BlackTeam "Schleswig Holstein"]
[WhiteTeamCountry "GER"]
[BlackTeamCountry "GER"]

1. e4 e6 2. d4 d5 3. Nc3 dxe4 4. Nxe4 Nd7 5. g3 Ngf6 6. Nxf6+ Nxf6 7. Bg2 Be7 8. Nf3 0-0 9. 0-0 c6 10. Qe2 Qb6 11. b3 Rd8 12. Bb2 a5 13. a4 Bd7 14. Ne5 Be8 15. Rad1 Rac8 16. Kh1 Qc7 17. c4 b5 18. axb5 cxb5 19. Ra1 bxc4 20. bxc4 Bb4 21. Rfc1 Rb8 22. g4 h6 23. f4 a4 24. g5 hxg5 25. fxg5 Nh7 26. g6 fxg6 27. d5 Bd6 28. Bd4 Bc5 29. Bxc5 Qxc5 30. Nc6 Bxc6 31. Qxe6+ Kh8 32. Qxc6 Qb4 33. Qxa4 Qc5 34. Qc6 Qd4 35. Rd1 Qg4 36. c5 Rb2 37. d6 Ng5 38. Rg1 Nh3 39. Bxh3 Qxh3 40. Rg2 Rxg2 41. Qxg2 Qc3 42. Rd1 Qxc5 43. d7 Qf5 1/2-1/2

[Event "Lueneburg NSV rapid op"]
[Site "Lueneburg"]
[Date "2018.07.14"]
[Round "4"]
[White "Bach, Matthias"]
[Black "Leib, Britta"]
[Result "1-0"]
[WhiteElo "2267"]
[BlackElo "1872"]
[PlyCount "49"]
[EventDate "2018.07.14"]
[EventType "swiss (rapid)"]
[EventRounds "9"]
[EventCountry "GER"]
[SourceTitle "CBM 185 Extra"]
[Source "ChessBase"]
[SourceDate "2018.07.29"]
[SourceVersion "1"]
[SourceVersionDate "2018.07.29"]
[SourceQuality "1"]

1. d4 Nf6 2. c4 g6 3. Nc3 Bg7 4. e4 d6 5. f4 0-0 6. Nf3 a6 7. a4 c6 8. Be2 Bg4 9. 0-0 Nbd7 10. e5 Ne8 11. Kh1 e6 12. Ng5 Bxe2 13. Qxe2 dxe5 14. dxe5 Nc5 15. Be3 Qa5 16. Nge4 Nxe4 17. Nxe4 f5 18. Ng5 Nc7 19. Qf2 Qb4 20. Bb6 Rfc8 21. Bxc7 Rxc7 22. Qh4 Qxc4 23. Qxh7+ Kf8 24. Qxg6 Re8 25. Nh7+ 1-0

[Event "Leipzig DSAM Cup"]
[Site "Leipzig"]
[Date "2018.06.01"]
[Round "4"]
[White "Leib, Britta"]
[Black "Woll, Wilfried"]
[Result "1-0"]
[WhiteElo "1833"]
[BlackElo "1998"]
[PlyCount "91"]
[EventDate "2018.05.31"]
[EventType "swiss"]
[EventRounds "5"]
[EventCountry "GER"]
[SourceTitle "EXT 2019"]
[Source "ChessBase"]
[SourceDate "2018.10.10"]
[SourceVersion "1"]
[SourceVersionDate "2018.10.10"]
[SourceQuality "1"]

1. e4 e6 2. d4 d5 3. Nd2 Nf6 4. e5 Nfd7 5. f4 c5 6. c3 Nc6 7. dxc5 Bxc5 8. Nb3 Be7 9. Nf3 Qb6 10. Be2 f6 11. exf6 Nxf6 12. Nbd4 0-0 13. 0-0 Bd7 14. Kh1 Bd6 15. Bd3 a6 16. Re1 Rae8 17. Re2 Kh8 18. Qe1 Nxd4 19. Nxd4 Qc7 20. Qh4 Bc8 21. Nf3 Qf7 22. Be3 Qh5 23. Qxh5 Nxh5 24. g3 e5 25. Nxe5 Bxe5 26. fxe5 Bg4 27. Rf2 Rxf2 28. Bxf2 Bf3+ 29. Kg1 Rxe5 30. Bd4 Re8 31. Rf1 Bg4 32. Rf7 Bc8 33. h3 Kg8 34. Rc7 g6 35. Kg2 b5 36. Bf1 Bf5 37. g4 Be4+ 38. Kh2 Rf8 39. Be2 Nf6 40. Rc6 Ne8 41. Rxa6 Nc7 42. Rc6 Rf7 43. Bb6 Ne8 44. Re6 Ng7 45. Rd6 Rb7 46. Bxb5 1-0

[Event "Leipzig DSAM Cup"]
[Site "Leipzig"]
[Date "2018.06.01"]
[Round "3"]
[White "Schwing, Hans Elmar"]
[Black "Leib, Britta"]
[Result "1-0"]
[WhiteElo "2325"]
[BlackElo "1833"]
[PlyCount "85"]
[EventDate "2018.05.31"]
[EventType "swiss"]
[EventRounds "5"]
[EventCountry "GER"]
[SourceTitle "EXT 2019"]
[Source "ChessBase"]
[SourceDate "2018.10.10"]
[SourceVersion "1"]
[SourceVersionDate "2018.10.10"]
[SourceQuality "1"]

1. d4 Nf6 2. c4 e6 3. Nf3 Bb4+ 4. Bd2 Be7 5. Nc3 b6 6. e4 Bb7 7. Bd3 d5 8. cxd5 exd5 9. e5 Ne4 10. 0-0 Nxd2 11. Qxd2 0-0 12. Rfe1 Bc8 13. Qc2 g6 14. Nxd5 c6 15. Nxe7+ Qxe7 16. Bc4 Na6 17. Qd2 Kg7 18. Rac1 Nc7 19. Bb3 Bd7 20. Ng5 Rac8 21. Ne4 Ne8 22. Qf4 Be6 23. Re3 Bxb3 24. Rxb3 f5 25. Nd6 Rc7 26. Rbc3 c5 27. d5 Rd7 28. Nxe8+ Rxe8 29. e6 Rxd5 30. Re3 Rd4 31. Qf3 Red8 32. g3 Rd2 33. Re2 R2d3 34. Qf4 R8d5 35. Rce1 R3d4 36. Qb8 Rd3 37. h4 R3d4 38. Kf1 h6 39. Kg2 Kh7 40. b3 Rd3 41. Qf4 Rd1 42. h5 g5 43. Rxd1 1-0

[Event "Leipzig DSAM Cup"]
[Site "Leipzig"]
[Date "2018.05.31"]
[Round "1"]
[White "Jandke, Manfred"]
[Black "Leib, Britta"]
[Result "0-1"]
[WhiteElo "2122"]
[BlackElo "1833"]
[PlyCount "40"]
[EventDate "2018.05.31"]
[EventType "swiss"]
[EventRounds "5"]
[EventCountry "GER"]
[SourceTitle "EXT 2019"]
[Source "ChessBase"]
[SourceDate "2018.10.10"]
[SourceVersion "1"]
[SourceVersionDate "2018.10.10"]
[SourceQuality "1"]

1. c4 g6 2. g3 Nf6 3. Bg2 Bg7 4. Nf3 d6 5. d4 0-0 6. 0-0 c6 7. Nc3 Nbd7 8. Qc2 Qc7 9. Re1 e5 10. e4 Re8 11. b3 a6 12. h3 b5 13. Ba3 exd4 14. Nxd4 c5 15. Ndxb5 axb5 16. Nxb5 Qb8 17. e5 Nxe5 18. f4 Bf5 19. Qd2 Ned7 20. Bxa8 Qxa8 0-1

[Event "Regionalliga Nord 1718 (Women)"]
[Site "Germany"]
[Date "2017.11.19"]
[Round "2.2"]
[White "Tegtmeier, Stephanie"]
[Black "Leib, Britta"]
[Result "1-0"]
[WhiteElo "1658"]
[BlackElo "1832"]
[PlyCount "53"]
[EventDate "2017.10.15"]
[EventType "team-tourn"]
[EventRounds "5"]
[EventCountry "GER"]
[SourceTitle "CBM 183 Extra"]
[Source "ChessBase"]
[SourceDate "2018.04.19"]
[SourceVersion "1"]
[SourceVersionDate "2018.04.19"]
[SourceQuality "1"]
[WhiteTeam "Hamburger SK (W) III"]
[BlackTeam "Quickborn Holstein (W)"]
[WhiteTeamCountry "GER"]
[BlackTeamCountry "GER"]

1. e4 e6 2. d4 d5 3. exd5 exd5 4. Bd3 Nf6 5. c3 Be7 6. Nf3 0-0 7. 0-0 Bg4 8. Bf4 Nbd7 9. Nbd2 c5 10. h3 Bh5 11. g4 Bg6 12. Bxg6 fxg6 13. Bh2 Kh8 14. Ne5 cxd4 15. cxd4 g5 16. Kh1 Qb6 17. Nb3 Rac8 18. f4 Rcd8 19. fxg5 Ne4 20. Nxd7 Rxd7 21. Rxf8+ Bxf8 22. Qf3 Qd8 23. Rf1 Kg8 24. h4 a5 25. Qf5 a4 26. Qe6+ Kh8 27. Qxd7 1-0

[Event "Erfurt op (Women)"]
[Site "Erfurt"]
[Date "2017.08.02"]
[Round "5"]
[White "Leib, Britta"]
[Black "Harazinska, Magdalena"]
[Result "1/2-1/2"]
[WhiteElo "1838"]
[BlackElo "1917"]
[PlyCount "71"]
[EventDate "2017.07.31"]
[EventType "swiss"]
[EventRounds "9"]
[EventCountry "GER"]
[SourceTitle "CBM 179 Extra"]
[Source "ChessBase"]
[SourceDate "2017.08.23"]
[SourceVersion "1"]
[SourceVersionDate "2017.08.23"]
[SourceQuality "1"]

1. d4 d5 2. Bf4 c6 3. e3 Bf5 4. Bd3 Bxd3 5. Qxd3 e6 6. Nf3 Bd6 7. Bxd6 Qxd6 8. 0-0 Nf6 9. Nbd2 0-0 10. Ne5 c5 11. c3 Nc6 12. f4 c4 13. Qc2 Nd7 14. Rf3 f6 15. Nxd7 Qxd7 16. e4 Rae8 17. Re1 g6 18. Rfe3 b5 19. Nf1 b4 20. Qe2 Kf7 21. exd5 exd5 22. Rxe8 Rxe8 23. Qxe8+ Qxe8 24. Rxe8 Kxe8 25. Ne3 bxc3 26. bxc3 Ne7 27. Kf2 Kd7 28. Ke2 Ke6 29. g4 f5 30. g5 Nc8 31. Kd2 Nd6 32. Kc2 Ne4 33. Nd1 Kd6 34. Kc1 Kc6 35. Kc2 Kd6 36. Kc1 1/2-1/2

[Event "GER-chT Federal Cup (Women)"]
[Site "Braunfels"]
[Date "2017.06.18"]
[Round "5.2"]
[White "Leib, Britta"]
[Black "Dellert, Lena"]
[Result "1-0"]
[WhiteElo "1845"]
[BlackElo "1865"]
[PlyCount "81"]
[EventDate "2017.06.15"]
[EventType "team-swiss"]
[EventRounds "5"]
[EventCountry "GER"]
[SourceTitle "CBM 179 Extra"]
[Source "ChessBase"]
[SourceDate "2017.08.23"]
[SourceVersion "1"]
[SourceVersionDate "2017.08.23"]
[SourceQuality "1"]
[WhiteTeam "Schleswig Holstein (W)"]
[BlackTeam "Saarland (W)"]
[WhiteTeamCountry "GER"]
[BlackTeamCountry "GER"]

1. d4 f5 2. Nf3 Nf6 3. c4 d6 4. Nc3 g6 5. b3 Bg7 6. e3 0-0 7. Bb2 Nc6 8. Be2 e5 9. d5 Ne7 10. 0-0 h6 11. Re1 g5 12. h3 Ng6 13. Qc2 e4 14. Nd4 Qe7 15. b4 g4 16. hxg4 fxg4 17. Rad1 Qe5 18. Bf1 g3 19. fxg3 Ng4 20. Be2 Rf2 21. Qxe4 Qxg3 22. Bxg4 Bxg4 23. Nce2 Qh4 24. Qxg6 Raf8 25. Qxg7+ Kxg7 26. Nf5+ Kh7 27. Nxh4 Rxe2 28. Rxe2 Bxe2 29. Rc1 Bd3 30. Nf3 Be4 31. Kf2 Kg6 32. Rh1 Bd3 33. Rh4 Bb1 34. a3 Bd3 35. Rd4 Bc2 36. Ke2 h5 37. Rf4 Rxf4 38. exf4 Bb3 39. Kd3 Bd1 40. Nd4 Bg4 41. Bc3 1-0